000 00819nam a2200181Ia 4500
001 13620
003 GE_BSU
008 181216s||||||||xx |||||||||||||| ||und||
040 _cGE_BSU
245 _aგადასახადები.№10-11,ოქტომბერი-ნოემბერი 2014.
245 _bსამეცნიერო-პრაქტიკული ჟურნალი
245 _cმთ.რედ.დავით ჯალაღონია,პასუხისმგებელი,მდივანი:მერინე ჯალაღონია,რედ:მადონა გელაშვილი და სხვ.
260 _aთბილისი
260 _c2014
300 _a96გვ.29სმ.
653 _aგადასახადები
942 _cCR
999 _c46775
_d46775